Flash Pictures (Record no. 1360)

000 -LEADER
fixed length control field 00530nam a22002057a 4500
003 - CONTROL NUMBER IDENTIFIER
control field OSt
005 - DATE AND TIME OF LATEST TRANSACTION
control field 20210501121039.0
008 - FIXED-LENGTH DATA ELEMENTS--GENERAL INFORMATION
fixed length control field 210211s1965 ||||| |||| 00| 0 eng d
040 ## - CATALOGING SOURCE
Original cataloging agency eng
Language of cataloging eng
Transcribing agency DLC
041 ## - LANGUAGE CODE
Language code of text/sound track or separate title eng
080 ## - UNIVERSAL DECIMAL CLASSIFICATION NUMBER
Universal Decimal Classification number 77
Item number F-63
245 ## - TITLE STATEMENT
Title Flash Pictures
Statement of responsibility, etc. / by: Eastman Kodak Company
250 ## - EDITION STATEMENT
Edition statement 6th edition
260 ## - PUBLICATION, DISTRIBUTION, ETC.
Place of publication, distribution, etc. USA
Name of publisher, distributor, etc. Eastman Kodak Company
Date of publication, distribution, etc. 1965
300 ## - PHYSICAL DESCRIPTION
Extent 53 p.
Other physical details ill.
650 #0 - SUBJECT ADDED ENTRY--TOPICAL TERM
9 (RLIN) 847
Topical term or geographic name entry element Photography
653 ## - INDEX TERM--UNCONTROLLED
Uncontrolled term ფოტოგრაფია
710 ## - ADDED ENTRY--CORPORATE NAME
9 (RLIN) 848
Corporate name or jurisdiction name as entry element Kodak Company
942 ## - ADDED ENTRY ELEMENTS (KOHA)
Source of classification or shelving scheme
Koha item type Books
Holdings
Withdrawn status Lost status Source of classification or shelving scheme Damaged status Not for loan Permanent location Current location Date acquired Inventory number Total Checkouts Full call number Barcode Date last seen Price effective from Koha item type
          Ken Walker International University Ken Walker International University 02/11/2021 812   77 F-63 812 02/11/2021 02/11/2021 Books

Powered by Koha